[Event "Michigan Open Reserve"]
[Site "Cadillac, MI"]
[Date "1999.09.04"]
[Round "2"]
[White "Schell, Ken"]
[Black "Ballou, Max"]
[Result "1/2-1/2"]
[WhiteElo "1658"]
[BlackElo "927"]
[PlyCount "110"]
[EventDate "1999.09.03"]

1. e4 e5 2. Nf3 Nc6 3. Bb5 a6 4. Ba4 Nf6 5. O-O Be7 6. Re1 b5 7. Bb3 O-O 8. c3
d5 9. exd5 Nxd5 10. Nxe5 Nxe5 11. Rxe5 c6 12. d4 Bd6 13. Re1 Qh4 14. g3 Qh3 15.
Be3 Bg4 16. Qd3 f5 17. f4 Rae8 18. Qf1 Qh5 19. Nd2 Kh8 20. Bxd5 cxd5 21. Qg2
Qf7 22. Nf3 Qh5 23. Ne5 Bxe5 24. dxe5 Bf3 25. Qf2 Be4 26. a4 Rb8 27. Ba7 Rb7
28. Bc5 Rc8 29. b4 h6 30. axb5 axb5 31. Ra5 g5 32. Rea1 gxf4 33. Qxf4 Qe2 34.
Qf2 Qd3 35. Ra6 Kh7 36. e6 Rbb8 37. e7 Qxc3 38. Re1 Re8 39. Qe3 Qxe3+ 40. Rxe3
Ra8 41. Rea3 Rxa6 42. Rxa6 h5 43. Rd6 Rxe7 44. Rxd5 Bxd5 45. Bxe7 Kg7 46. Kf2
Bb3 47. Kf3 Bd1+ 48. Kf4 Bg4 49. Kg5 Kf7 50. Bd6 Ke6 51. Bf4 Kd5 52. Kf6 Kc4
53. Bd6 Kd5 54. Bf4 Kc4 55. Bd6 Kd5 1/2-1/2

[Event "Michigan Open Reserve"]
[Site "Cadillac, MI"]
[Date "1999.09.04"]
[Round "2"]
[White "Saylor, Oliver"]
[Black "Baker, David"]
[Result "1/2-1/2"]
[WhiteElo "1308"]
[BlackElo "1515"]
[PlyCount "61"]
[EventDate "1999.09.03"]

1. e4 d6 2. d4 Nf6 3. Nc3 g6 4. Nf3 Bg7 5. Be3 O-O 6. h3 e5 7. dxe5 dxe5 8. Bg5
Qxd1+ 9. Rxd1 c6 10. Bd3 Nbd7 11. b4 h6 12. Be3 a5 13. b5 Nh5 14. bxc6 bxc6 15.
g3 f5 16. exf5 gxf5 17. Bc4+ Kh8 18. Nh4 Kh7 19. Bd3 e4 20. Nxe4 fxe4 21. Bxe4+
Kg8 22. Bxc6 Bc3+ 23. Kf1 Nxg3+ 24. Kg2 Ra6 25. Bd5+ Kh7 26. fxg3 Raf6 27. Be4+
Kg8 28. Rhf1 Re8 29. Bd5+ Kg7 30. Rxf6 Nxf6 31. Bd4 1/2-1/2

[Event "Michigan Open Reserve"]
[Site "Cadillac, MI"]
[Date "1999.09.04"]
[Round "2"]
[White "Mose, Greg"]
[Black "Miller, Jess"]
[Result "0-1"]
[WhiteElo "1563"]
[BlackElo "1231"]
[PlyCount "68"]
[EventDate "1999.09.03"]

1. e4 e6 2. d4 d5 3. e5 c5 4. c3 Nc6 5. Bb5 Bd7 6. Nf3 Qb6 7. Bxc6 Bxc6 8. O-O
Ne7 9. Nbd2 Nf5 10. dxc5 Bxc5 11. Nb3 Bb5 12. Nxc5 Bxf1 13. Kxf1 Qxc5 14. Qa4+
Qc6 15. Qg4 Qc4+ 16. Qxc4 dxc4 17. b3 cxb3 18. axb3 a6 19. Ba3 O-O-O 20. g4 Nh6
21. Ng5 Rd3 22. Bb4 Rhd8 23. Ke1 R8d5 24. Ke2 Rd2+ 25. Ke1 Rb2 26. f4 Rxh2 27.
Ra5 Rdd2 28. Nf3 Rhe2+ 29. Kf1 Rb2 30. Nd4 Rh2 31. Kg1 Nxg4 32. Ra1 Rbg2+ 33.
Kf1 Ne3+ 34. Ke1 Rh1# 0-1

[Event "Michigan Open Reserve"]
[Site "Cadillac, MI"]
[Date "1999.09.04"]
[Round "3"]
[White "Moore, Robert"]
[Black "Drysdale, Gilbert"]
[Result "0-1"]
[WhiteElo "1600"]
[BlackElo "1795"]
[PlyCount "76"]
[EventDate "1999.09.03"]

1. e4 d5 2. exd5 Nf6 3. d4 Bg4 4. f3 Bf5 5. Nc3 Nxd5 6. Nxd5 Qxd5 7. Ne2 Nc6 8.
c3 O-O-O 9. Qb3 Qa5 10. Bd2 e5 11. O-O-O exd4 12. Nxd4 Nxd4 13. cxd4 Qb6 14.
Qxb6 axb6 15. Bf4 Be6 16. Kb1 Bc5 17. Be3 Rhe8 18. Bb5 c6 19. dxc5 Bf5+ 20. Kc1
Rxe3 21. Rxd8+ Kxd8 22. Bc4 bxc5 23. Bxf7 Re2 24. Bb3 Rxg2 25. Rd1+ Ke7 26. Rd2
Rg1+ 27. Rd1 Rxd1+ 28. Kxd1 Be6 29. Bc2 Kf6 30. a3 Bf5 31. Bb3 Ke5 32. Ke2 Kd4
33. Bf7 c4 34. Kd2 g5 35. Bh5 Be6 36. Bg4 Bxg4 37. fxg4 Ke4 38. Ke2 Kf4 0-1

[Event "Michigan Open Reserve"]
[Site "Cadillac, MI"]
[Date "1999.09.04"]
[Round "3"]
[White "Mitchell, Dave"]
[Black "Dickerson, Tom"]
[Result "0-1"]
[WhiteElo "1295"]
[BlackElo "1487"]
[PlyCount "62"]
[EventDate "1999.09.03"]

1. e4 e6 2. d4 d5 3. e5 c5 4. c3 Nc6 5. Nf3 Bd7 6. Bd3 Qb6 7. O-O h6 8. Re1
O-O-O 9. Qe2 cxd4 10. cxd4 Nxd4 11. Nxd4 Qxd4 12. Nc3 f6 13. Be3 Qxe5 14. Bxa7
Bd6 15. g3 Bc6 16. Rac1 Kd7 17. Qg4 f5 18. Rxe5 fxg4 19. Re2 Nf6 20. Nb5 Ne4
21. Bxe4 Bxb5 22. Rd2 dxe4 23. Bc5 Ke7 24. Bxd6+ Rxd6 25. Rc7+ Rd7 26. Rdxd7+
Bxd7 27. Rxb7 Rc8 28. a4 Kd6 29. a5 Rc1+ 30. Kg2 Bc6 31. Rxg7 e3+ 0-1

[Event "Michigan Open Reserve"]
[Site "Cadillac, MI"]
[Date "1999.09.04"]
[Round "2"]
[White "Mitchell, Dave"]
[Black "Cox, Daniel"]
[Result "1-0"]
[WhiteElo "1295"]
[BlackElo "802"]
[PlyCount "59"]
[EventDate "1999.09.03"]

1. e4 e5 2. Bc4 Bc5 3. d3 Nf6 4. Nc3 c6 5. Bb3 Ng4 6. Qxg4 Qf6 7. f4 exf4 8.
Bxf4 d6 9. Qxc8+ Qd8 10. Qxd8+ Kxd8 11. Nf3 Re8 12. O-O-O b5 13. d4 Bb4 14.
Bxf7 Re7 15. Bg5 a5 16. a3 Bxc3 17. bxc3 b4 18. a4 Nd7 19. Bxe7+ Kxe7 20. Bb3
c5 21. Rhf1 Rc8 22. Ng5 Ke8 23. Be6 Kd8 24. Bxd7 Kxd7 25. Rf7+ Kc6 26. Rdf1 Rb8
27. d5+ Kb6 28. Rd7 c4 29. Rxd6+ Kc5 30. Rc6# 1-0

[Event "Michigan Open Reserve"]
[Site "Cadillac, MI"]
[Date "1999.09.04"]
[Round "3"]
[White "Miller, Jess"]
[Black "Foord, Allan"]
[Result "0-1"]
[WhiteElo "1231"]
[BlackElo "1503"]
[PlyCount "92"]
[EventDate "1999.09.03"]

1. d4 Nf6 2. c4 g6 3. Nc3 d5 4. Bg5 c6 5. Nf3 Bg7 6. e3 Ne4 7. Nxe4 dxe4 8. Nd2
f5 9. Qb3 Qd6 10. c5 Qe6 11. Bc4 Qd7 12. Bf7+ Kd8 13. Rd1 h6 14. Bf4 g5 15. Be5
Bxe5 16. dxe5 Qc7 17. e6 Qa5 18. O-O Kc7 19. Qc4 Rd8 20. b4 Qb5 21. Qc3 b6 22.
cxb6+ axb6 23. a3 Rd3 24. Qg7 Qd5 25. Bg8 Qd8 26. Qe5+ Kb7 27. Bh7 Rxd2 28. Ra1
Qd5 29. Qxd5 Rxd5 30. Bg8 Rd6 31. h3 Bxe6 32. Bh7 Nd7 33. g4 fxg4 34. hxg4 Bxg4
35. Bxe4 Nf6 36. Bg2 Rd3 37. Rfc1 Bd7 38. a4 Rc8 39. a5 Ka7 40. a6 Rb3 41. Rc4
c5 42. bxc5 Rxc5 43. Rd4 Rbc3 44. Bf1 Rc1 45. Rd1 Rxa1 46. Rxa1 Bb5 0-1

[Event "Michigan Open Reserve"]
[Site "Cadillac, MI"]
[Date "1999.09.04"]
[Round "1"]
[White "McCormick, Tim"]
[Black "Schell, Ken"]
[Result "1-0"]
[WhiteElo "1375"]
[BlackElo "1658"]
[PlyCount "89"]
[EventDate "1999.09.03"]

1. e4 c5 2. c3 d6 3. d4 cxd4 4. cxd4 g6 5. h3 Bg7 6. Nf3 Nc6 7. Be3 Bd7 8. a3
Qc7 9. Nc3 e6 10. Rc1 a6 11. d5 Bxc3+ 12. Rxc3 Nge7 13. dxc6 Bxc6 14. Nd4 O-O-O
15. Nxc6 Nxc6 16. Qc1 Kb8 17. b4 d5 18. Bf4 e5 19. Bg3 dxe4 20. Bxa6 Qd6 21.
O-O Nd4 22. Bc4 f5 23. f3 Rc8 24. Kh1 f4 25. Bxf4 exf4 26. fxe4 Rxc4 27. Rxc4
Ne2 28. Qe1 Ng3+ 29. Kg1 Nxf1 30. Qxf1 Re8 31. Qf3 Qe5 32. Qd3 h6 33. Qd4 Qe6
34. Kf2 b5 35. Rc5 Qxe4 36. Rxb5+ Kc8 37. Qxe4 Rxe4 38. Kf3 Rc4 39. Rc5+ Rxc5
40. bxc5 g5 41. h4 Kc7 42. hxg5 hxg5 43. Kg4 Kc6 44. Kxg5 Kxc5 45. Kxf4 1-0

[Event "Michigan Open Reserve"]
[Site "Cadillac, MI"]
[Date "1999.09.04"]
[Round "3"]
[White "Mayer, Raymond"]
[Black "Kyser, Bob"]
[Result "1-0"]
[WhiteElo "1345"]
[BlackElo "1309"]
[PlyCount "93"]
[EventDate "1999.09.03"]

1. d4 d5 2. c4 Nc6 3. Nf3 Bg4 4. Nc3 e6 5. Ne5 Nxe5 6. dxe5 Bb4 7. Qa4+ Qd7 8.
Qxb4 O-O-O 9. cxd5 exd5 10. e3 Ne7 11. b3 Nc6 12. Qa4 d4 13. exd4 Qxd4 14. Qxd4
Nxd4 15. f3 Nc2+ 16. Kf2 Bxf3 17. gxf3 Nxa1 18. Bg5 f6 19. Bh3+ Kb8 20. exf6
gxf6 21. Bxf6 Rd2+ 22. Ke3 Rxa2 23. Nxa2 Re8+ 24. Kf4 Nxb3 25. Rd1 b6 26. Rd8+
Rxd8 27. Bxd8 a5 28. Ke5 Nd2 29. f4 Nf3+ 30. Kd5 Nxh2 31. f5 Nf3 32. Ke4 Nd2+
33. Kd3 Nf3 34. Nc3 Ne5+ 35. Ke4 Nf7 36. Bh4 c6 37. Bg3+ Kc8 38. f6+ Kd8 39.
Be6 Ng5+ 40. Kf5 h6 41. Ne4 Nh7 42. f7 Nf8 43. Bh4+ Kc7 44. Be7 Nh7 45. Kg6 Ng5
46. Nxg5 hxg5 47. f8=Q 1-0

[Event "Michigan Open Reserve"]
[Site "Cadillac, MI"]
[Date "1999.09.04"]
[Round "2"]
[White "Mayer, Raymond"]
[Black "Avery, Bill"]
[Result "0-1"]
[WhiteElo "1345"]
[BlackElo "1564"]
[PlyCount "94"]
[EventDate "1999.09.03"]

1. d4 Nf6 2. c4 e6 3. Nc3 d5 4. Bg5 Be7 5. e3 b6 6. Nf3 h6 7. Bh4 O-O 8. Bd3
Bb7 9. O-O Nbd7 10. Rc1 c5 11. Re1 Rc8 12. a3 cxd4 13. exd4 dxc4 14. Be2 Nd5
15. Bxe7 Qxe7 16. Nxd5 Bxd5 17. Rc3 Nf6 18. Ne5 Rfd8 19. Bf3 b5 20. Bxd5 Nxd5
21. Rh3 Nf6 22. Ree3 Qc7 23. Reg3 Qxe5 24. Qc1 Qxd4 25. Kf1 Qd1+ 26. Qxd1 Rxd1+
27. Ke2 Rcd8 28. f3 R1d2+ 29. Ke1 Kh7 30. Rh4 Rxb2 31. Rg5 Rdd2 32. Rxb5 Rxg2
33. Rxb2 Rxb2 34. Rxc4 Nd5 35. Ra4 Rxh2 36. Rxa7 Kg6 37. Rb7 Ra2 38. Rb3 h5 39.
Kf1 h4 40. Kg1 h3 41. Kh1 Kg5 42. Rd3 f5 43. Rb3 Nf4 44. Re3 Kh4 45. Re1 Kg3
46. a4 h2 47. a5 Nh3 0-1

[Event "Michigan Open Reserve"]
[Site "Cadillac, MI"]
[Date "1999.09.04"]
[Round "3"]
[White "Labiner, Jordan"]
[Black "Cox, Nick"]
[Result "1-0"]
[WhiteElo "1554"]
[BlackElo "1015"]
[PlyCount "120"]
[EventDate "1999.09.03"]

1. e4 c5 2. Nf3 d6 3. d4 cxd4 4. Nxd4 Nf6 5. Nc3 g6 6. f3 Bg7 7. Be3 O-O 8. Qd2
Nc6 9. O-O-O d5 10. Nxc6 bxc6 11. exd5 Nxd5 12. Nxd5 cxd5 13. Qxd5 Qc7 14. Qc5
Qb7 15. Bd4 Bxd4 16. Qxd4 Bf5 17. Bc4 Rac8 18. Bb3 Qc7 19. Rd2 Rfd8 20. Qe3
Rxd2 21. Qxd2 Qc6 22. Re1 Qc7 23. g4 Be6 24. Rxe6 fxe6 25. Bxe6+ Kg7 26. Qd4+
Kh6 27. Bxc8 Qxc8 28. Qxa7 Qf8 29. Qe3+ Kg7 30. a4 Qd8 31. a5 Qxa5 32. Qc3+
Qxc3 33. bxc3 Kf6 34. Kd2 Ke5 35. Ke3 g5 36. c4 h6 37. c3 e6 38. h3 Kd6 39. Kd4
e5+ 40. Ke4 Kc5 41. Kxe5 Kxc4 42. Kf6 Kxc3 43. Kg6 Kd3 44. Kxh6 Ke3 45. Kxg5
Kxf3 46. h4 Ke4 47. h5 Ke5 48. h6 Kd5 49. h7 Ke4 50. h8=Q Kd5 51. Qc3 Ke4 52.
Qc5 Kd3 53. Qb4 Ke3 54. Qc4 Kf3 55. Qd4 Ke2 56. Qc3 Kf2 57. Qd3 Kg2 58. Qe3 Kh2
59. Qf3 Kg1 60. Qe2 Kh1 1-0

[Event "Michigan Open Reserve"]
[Site "Cadillac, MI"]
[Date "1999.09.04"]
[Round "2"]
[White "Kyser, Bob"]
[Black "Hogarth, Frank"]
[Result "0-1"]
[WhiteElo "1309"]
[BlackElo "879"]
[PlyCount "148"]
[EventDate "1999.09.03"]

1. d4 d5 2. Bg5 h6 3. Bh4 g5 4. Bg3 Nf6 5. Be5 e6 6. e3 Be7 7. Bxf6 Bxf6 8. Nf3
Qd6 9. Nfd2 c5 10. e4 Bxd4 11. c3 Bf6 12. Qe2 d4 13. Nc4 Qf4 14. Qf3 Qc1+ 15.
Qd1 Qf4 16. g3 Qxe4+ 17. Qe2 Qxh1 18. Nd6+ Ke7 19. Nf5+ Kd8 20. Nd6 Rf8 21. f3
Nc6 22. Ne4 Bg7 23. Qf2 Ne5 24. Ke2 g4 25. Nbd2 f5 26. Nxc5 gxf3+ 27. Ke1 Ng4
28. Qxf3 Qxf3 29. Nxf3 Ne3 30. Bd3 dxc3 31. Ke2 Nd5 32. b3 b6 33. Na4 c2 34.
Rc1 Nc3+ 35. Nxc3 Bxc3 36. Bxc2 Ba6+ 37. Bd3 Bxd3+ 38. Kxd3 Rc8 39. Rxc3 f4 40.
g4 Rf7 41. Rxc8+ Kxc8 42. Ke4 Rc7 43. Nd4 Rc3 44. Kxf4 Kd7 45. Nb5 Rc2 46. Nxa7
Rxa2 47. Nb5 Rxh2 48. Nd4 Kd6 49. Nb5+ Kd5 50. Nc7+ Kd6 51. Nb5+ Ke7 52. Nd4
Rf2+ 53. Ke5 Kd7 54. b4 Rg2 55. b5 Rxg4 56. Nxe6 h5 57. Kf5 Rb4 58. Nf8+ Kd6
59. Kg5 h4 60. Ng6 h3 61. Nh4 h2 62. Nf5+ Ke6 63. Ng3 Rxb5+ 64. Kh4 Rb3 65. Nh1
b5 66. Nf2 b4 67. Nh1 Rc3 68. Kg4 b3 69. Nf2 b2 70. Nd1 b1=Q 71. Nxc3 Qb3 72.
Ne2 h1=Q 73. Nd4+ Ke5 74. Nxb3 Qd1+ 0-1

[Event "Michigan Open Reserve"]
[Site "Cadillac, MI"]
[Date "1999.09.04"]
[Round "1"]
[White "Kelly, James"]
[Black "Councell, Keith"]
[Result "1-0"]
[WhiteElo "1586"]
[BlackElo "1256"]
[PlyCount "87"]
[EventDate "1999.09.03"]

1. d4 c6 2. e3 d5 3. Bd3 e6 4. f4 Nf6 5. Nf3 c5 6. c3 c4 7. Bc2 Nc6 8. O-O Bd6
9. Ne5 O-O 10. Qf3 Ne7 11. Nd2 Ng6 12. g4 Nd7 13. Qh3 Qh4 14. Qxh4 Nxh4 15.
Ndf3 Ng6 16. g5 Ne7 17. h4 f5 18. h5 Bxe5 19. dxe5 Nc5 20. Nd4 a6 21. b4 cxb3
22. axb3 Nc6 23. Nxc6 bxc6 24. Ba3 Nxb3 25. Bxb3 Rf7 26. Bd6 Rb7 27. Rfb1 a5
28. Ba4 Rxb1+ 29. Rxb1 Bd7 30. Rb7 Bc8 31. Rc7 g6 32. h6 d4 33. exd4 Rb8 34.
Rg7+ Kh8 35. Bxb8 Ba6 36. Bxc6 a4 37. Bxa4 Bb5 38. Bb3 Bc4 39. Rc7 Ba6 40. Bxe6
Bb7 41. Bd5 Ba6 42. Rf7 Kg8 43. Rf6+ Kh8 44. Rf8# 1-0

[Event "Michigan Open Reserve"]
[Site "Cadillac, MI"]
[Date "1999.09.04"]
[Round "3"]
[White "Kelly, James"]
[Black "Avery, Bill"]
[Result "0-1"]
[WhiteElo "1586"]
[BlackElo "1564"]
[PlyCount "134"]
[EventDate "1999.09.03"]

1. d4 Nf6 2. e3 e6 3. Bd3 d5 4. f4 c5 5. c3 Be7 6. Nf3 Bd7 7. O-O cxd4 8. exd4
O-O 9. Ne5 Nc6 10. Qf3 h6 11. Nd2 Nxe5 12. fxe5 Nh7 13. Qg4 f6 14. Nf3 f5 15.
Qg6 Qe8 16. Qxe8 Rfxe8 17. h4 b5 18. Bf4 Rec8 19. a3 a5 20. Rfc1 g5 21. hxg5
hxg5 22. Bd2 g4 23. Nh2 Kg7 24. Nf1 Rh8 25. Ng3 Nf8 26. Kf2 Ng6 27. Rh1 Bh4 28.
Rxh4 Rxh4 29. Bg5 Rh7 30. Bf6+ Kf7 31. Rh1 Rxh1 32. Nxh1 Ne7 33. Ng3 Ng8 34.
Bh8 Kg6 35. Nf1 Kh7 36. Bf6 Nxf6 37. exf6 Kg6 38. Ng3 Kxf6 39. Nh5+ Kg5 40. Ng3
f4 41. Nf1 Re8 42. g3 f3 43. b3 e5 44. dxe5 Rxe5 45. Ne3 Kf6 46. a4 bxa4 47.
bxa4 Rh5 48. Kg1 Ke5 49. Bc2 Be6 50. Nf1 d4 51. cxd4+ Kxd4 52. Kf2 Kc3 53. Bg6
Re5 54. Be8 Re2+ 55. Kg1 Bc4 56. Bb5 Rg2+ 57. Kh1 Bxf1 58. Bxf1 Ra2 59. Bb5 Kd2
60. Bf1 Ra1 61. Kh2 Rxa4 62. Bb5 Rb4 63. Bf1 a4 64. Kg1 a3 65. Kh2 a2 66. Kg1
a1=Q 67. Kh2 Rb1 0-1

[Event "Michigan Open Reserve"]
[Site "Cadillac, MI"]
[Date "1999.09.04"]
[Round "3"]
[White "Kane, Paul"]
[Black "Saylor, Oliver"]
[Result "1/2-1/2"]
[WhiteElo "1643"]
[BlackElo "1308"]
[PlyCount "107"]
[EventDate "1999.09.03"]

1. d4 d5 2. c4 c6 3. Nf3 g6 4. Nc3 e6 5. cxd5 cxd5 6. Bf4 Bg7 7. e3 Ne7 8. Bd3
O-O 9. O-O Nbc6 10. Rc1 Nb4 11. Bb1 a6 12. a3 Nbc6 13. b4 b5 14. Qd2 Nf5 15.
Bxf5 exf5 16. Ne5 Nxe5 17. Bxe5 Bb7 18. Ne2 Bxe5 19. dxe5 Re8 20. f4 Rc8 21.
Nd4 Rc4 22. Rc2 Re7 23. Rfc1 Rec7 24. e6 Rxc2 25. Rxc2 Rxc2 26. Qxc2 f6 27. Qc5
Qc8 28. Kf2 Qxc5 29. bxc5 Kf8 30. c6 Bc8 31. Ke2 Ke7 32. Kd3 Bxe6 33. Nxe6 Kxe6
34. Kd4 Kd6 35. c7 Kxc7 36. Kc5 h5 37. h4 Kb7 38. g3 Kc7 39. Kxd5 Kb6 40. e4
fxe4 41. Kxe4 Kc5 42. f5 gxf5+ 43. Kxf5 Kc4 44. g4 hxg4 45. Kxg4 a5 46. h5 b4
47. axb4 axb4 48. h6 b3 49. h7 b2 50. h8=Q b1=Q 51. Qg8+ Kc3 52. Qc8+ Kd2 53.
Qd8+ Ke3 54. Qxf6 1/2-1/2

[Event "Michigan Open Reserve"]
[Site "Cadillac, MI"]
[Date "1999.09.04"]
[Round "2"]
[White "Kane, Paul"]
[Black "Dorrington, Eldon"]
[Result "1/2-1/2"]
[WhiteElo "1643"]
[BlackElo "1666"]
[PlyCount "143"]
[EventDate "1999.09.03"]

1. d4 Nf6 2. c4 g6 3. Nc3 Bg7 4. e4 d6 5. Be2 O-O 6. Nf3 Na6 7. O-O c5 8. d5
Bg4 9. h3 Bc8 10. Be3 Ne8 11. Rb1 Nac7 12. Qd2 a6 13. a3 Bd7 14. b4 b6 15. bxc5
bxc5 16. Rb3 e5 17. Rfb1 f5 18. Bh6 f4 19. Bxg7 Kxg7 20. Qb2 Kh6 21. Rb8 Rxb8
22. Qxb8 Qxb8 23. Rxb8 g5 24. Nh2 Kg6 25. Bd1 Rf7 26. Na4 Bxa4 27. Bxa4 Re7 28.
f3 h5 29. Kf2 Nf6 30. Rb6 Nce8 31. Rxa6 Rb7 32. Bb5 g4 33. hxg4 hxg4 34. Nf1
g3+ 35. Ke2 Nc7 36. Rxd6 Nxb5 37. cxb5 Rxb5 38. Rc6 Kf7 39. Nd2 Nd7 40. Kd3 Nb6
41. Re6 Rb2 42. Rxe5 Rxd2+ 43. Kxd2 Nc4+ 44. Kc3 Nxe5 45. a4 Ke7 46. a5 Kd6 47.
a6 Nd7 48. Kc4 Nb6+ 49. Kc3 Nc8 50. Kc4 Nb6+ 51. Kc3 Ke5 52. a7 Kd6 53. Kd3 Kc7
54. a8=N+ Nxa8 55. e5 Kb6 56. Kc4 Nc7 57. e6 Kb7 58. Kxc5 Kc8 59. Kd6 Nb5+ 60.
Ke5 Kc7 61. Kxf4 Kd6 62. Kxg3 Kxd5 63. e7 Nd6 64. Kf4 Ke6 65. g4 Kxe7 66. Ke5
Nf7+ 67. Kf5 Nd6+ 68. Kg5 Kf7 69. f4 Ne4+ 70. Kh4 Kg6 71. f5+ Kh6 72. f6
1/2-1/2

[Event "Michigan Open Reserve"]
[Site "Cadillac, MI"]
[Date "1999.09.04"]
[Round "3"]
[White "June, Brian"]
[Black "Johnson, Donta"]
[Result "0-1"]
[WhiteElo "1700"]
[BlackElo "1483"]
[PlyCount "134"]
[EventDate "1999.09.03"]

1. e4 c5 2. Nf3 d6 3. d4 cxd4 4. Nxd4 Nf6 5. Nc3 g6 6. Be3 Bg7 7. Bc4 O-O 8. f3
Nc6 9. Qd2 Bd7 10. h4 Rc8 11. Bb3 h5 12. Nxc6 Bxc6 13. Bh6 Bd7 14. Bxg7 Kxg7
15. O-O-O b5 16. Qd4 Qb6 17. Qxb6 axb6 18. Rhe1 Rfe8 19. f4 Bc6 20. e5 dxe5 21.
fxe5 Nd7 22. e6 Nc5 23. exf7 Nxb3+ 24. axb3 Kxf7 25. Nd5 Bxd5 26. Rxd5 Rc5 27.
Ree5 Rec8 28. c3 e6 29. Rd7+ Kf6 30. Rxc5 bxc5 31. Rb7 b4 32. Kd2 bxc3+ 33.
bxc3 Kf5 34. b4 cxb4 35. Rxb4 e5 36. Rb6 Rc4 37. Rb4 Rc6 38. g3 e4 39. Rb5+ Kg4
40. Rg5+ Kf3 41. Re5 Rd6+ 42. Ke1 e3 43. Re7 Ra6 44. Rf7+ Kxg3 45. Ke2 Rc6 46.
Rf3+ Kxh4 47. Rxe3 g5 48. Kf3 g4+ 49. Kg2 Rc5 50. Rd3 Kg5 51. Kh2 h4 52. Kg2
Ra5 53. c4 Ra2+ 54. Kf1 Rc2 55. Rd5+ Kf4 56. c5 h3 57. Kg1 g3 58. Rd4+ Ke3 59.
Rd1 Rxc5 60. Re1+ Kd2 61. Rf1 Rc1 62. Rxc1 Kxc1 63. Kh1 g2+ 64. Kg1 Kd1 65. Kf2
Kd2 66. Kg1 Ke1 67. Kh2 Kf1 0-1

[Event "Michigan Open Reserve"]
[Site "Cadillac, MI"]
[Date "1999.09.04"]
[Round "2"]
[White "Johnson, Donta"]
[Black "Labiner, Jordan"]
[Result "1-0"]
[WhiteElo "1483"]
[BlackElo "1554"]
[PlyCount "63"]
[EventDate "1999.09.03"]

1. e4 e6 2. d4 d5 3. Nd2 Nf6 4. e5 Nfd7 5. Bd3 c5 6. c3 b6 7. Ne2 Ba6 8. Bc2
Nc6 9. Nf3 Be7 10. O-O O-O 11. Re1 Rc8 12. Nf4 cxd4 13. cxd4 Qc7 14. Nh3 Rfe8
15. b3 Nf8 16. Bb2 f6 17. Rc1 Qb8 18. exf6 Bxf6 19. Nfg5 Bb7 20. Qh5 g6 21. Qf3
Nd7 22. Nxe6 Qd6 23. Qg4 Re7 24. Re2 Rce8 25. Rce1 Nf8 26. Nxf8 Kxf8 27. Re3
Bc8 28. Qf4 Qxf4 29. Nxf4 Bxd4 30. Rxe7 Bxf2+ 31. Kxf2 Rxe7 32. Ba3 1-0

[Event "Michigan Open Reserve"]
[Site "Cadillac, MI"]
[Date "1999.09.04"]
[Round "2"]
[White "James, Larry"]
[Black "Kelly, James"]
[Result "1-0"]
[WhiteElo "1748"]
[BlackElo "1586"]
[PlyCount "81"]
[EventDate "1999.09.03"]

1. e4 e5 2. f4 exf4 3. Nf3 Be7 4. Bc4 Bh4+ 5. Kf1 Qf6 6. d4 d6 7. Nc3 c6 8. e5
dxe5 9. dxe5 Qd8 10. Bxf4 Qxd1+ 11. Rxd1 Be7 12. Ne4 h6 13. Nd6+ Bxd6 14. exd6
Nd7 15. Kf2 Ngf6 16. Rhe1+ Kf8 17. Re7 Nd5 18. Rxd5 cxd5 19. Bxd5 Rh7 20. Rxf7+
Ke8 21. Re7+ Kf8 22. Nd4 Nf6 23. Bxb7 Bxb7 24. Ne6+ Kg8 25. Rxb7 g5 26. Rxh7
Kxh7 27. Bg3 Nd7 28. c4 Rc8 29. Nc7 a5 30. Ke3 Kg7 31. Kd4 Kf6 32. c5 Nb8 33.
Kd5 Rd8 34. c6 Kf7 35. Ne6 Nxc6 36. Nxd8+ Nxd8 37. a3 a4 38. Kc4 Ke6 39. Kb5
Kd7 40. Kxa4 Nf7 41. Kb5 1-0

[Event "Michigan Open Reserve"]
[Site "Cadillac, MI"]
[Date "1999.09.04"]
[Round "3"]
[White "James, Larry"]
[Black "Griffin, John"]
[Result "1-0"]
[WhiteElo "1748"]
[BlackElo "1525"]
[PlyCount "105"]
[EventDate "1999.09.03"]

1. e4 c5 2. Nf3 Nc6 3. d4 cxd4 4. Nxd4 Nf6 5. Nc3 e5 6. Nf5 d5 7. exd5 Bxf5 8.
dxc6 Qxd1+ 9. Nxd1 bxc6 10. Ne3 Be6 11. Bc4 Bc5 12. Bxe6 fxe6 13. Nc4 Nd7 14.
Be3 Bxe3 15. Nxe3 O-O 16. O-O-O Nb6 17. f3 Rfd8 18. Ng4 Rd5 19. Rxd5 cxd5 20.
Nxe5 Rd8 21. Re1 Rd6 22. Nd3 Kf7 23. b3 Nd7 24. Ne5+ Nxe5 25. Rxe5 Kf6 26. f4
g6 27. Kd2 h5 28. g3 a5 29. a4 Rb6 30. Kc3 Rb4 31. Kb2 Rb8 32. c3 Ra8 33. Ka3
Ke7 34. b4 axb4+ 35. cxb4 Rc8 36. Re3 Kf6 37. a5 d4 38. Rd3 e5 39. fxe5+ Kxe5
40. b5 Ke4 41. Rd1 d3 42. b6 Ke3 43. Kb4 Kd4 44. b7 Rc2 45. a6 Rb2+ 46. Ka3 Rb6
47. a7 Ra6+ 48. Kb4 Rb6+ 49. Ka5 Rxb7 50. a8=Q Rb3 51. Qd8+ Ke3 52. Qg5+ Kf3
53. Qd5+ 1-0

[Event "Michigan Open Reserve"]
[Site "Cadillac, MI"]
[Date "1999.09.04"]
[Round "1"]
[White "Holladay, Jason"]
[Black "Kane, Paul"]
[Result "0-1"]
[WhiteElo "1289"]
[BlackElo "1643"]
[PlyCount "108"]
[EventDate "1999.09.03"]

1. e4 c5 2. Nf3 d6 3. c3 Nf6 4. e5 Nd5 5. d4 cxd4 6. cxd4 e6 7. Nc3 Qa5 8. Bd2
dxe5 9. Bb5+ Nc6 10. Nxd5 Qd8 11. Bxc6+ bxc6 12. Nc3 exd4 13. Na4 c5 14. O-O
Bd6 15. Rc1 Qe7 16. b4 O-O 17. bxc5 Bc7 18. c6 e5 19. Re1 Rd8 20. Nc5 Bg4 21.
h3 Bh5 22. Qb3 Rab8 23. Bg5 Rxb3 24. Bxe7 Re8 25. Nxb3 Rxe7 26. Nc5 f6 27. Na6
d3 28. Rb1 d2 29. Nxd2 Bb6 30. Rbc1 Bc7 31. Nxc7 Rxc7 32. Nb3 Kf7 33. Re3 Ke7
34. Rd3 Be8 35. Na5 f5 36. Rc5 e4 37. Re5+ Kf7 38. Rxe8 Kxe8 39. Rd5 g6 40. Rc5
Ke7 41. Nc4 h6 42. Re5+ Kf6 43. Rc5 Ke7 44. Ne3 Kd6 45. f3 Kxc5 46. fxe4 fxe4
47. Kf2 Rxc6 48. g4 Ra6 49. Kg3 Rxa2 50. Kf4 Kd4 51. h4 Rf2+ 52. Kg3 Kxe3 53.
g5 Rf3+ 54. Kg4 h5# 0-1

[Event "Michigan Open"]
[Site "Cadillac, MI"]
[Date "1999.09.04"]
[Round "1"]
[White "Hartwig, Thomas"]
[Black "Vandivier, Don"]
[Result "1-0"]
[WhiteElo "2076"]
[BlackElo "1911"]
[PlyCount "79"]
[EventDate "1999.09.03"]

1. e4 c5 2. Nf3 Nc6 3. d4 cxd4 4. Nxd4 g6 5. Nc3 Bg7 6. Be3 Nf6 7. Bc4 O-O 8.
Bb3 a5 9. f3 d5 10. Nxd5 Nxd5 11. exd5 Nxd4 12. Bxd4 a4 13. Bxg7 Kxg7 14. Qd4+
Kg8 15. Bc4 b5 16. Be2 e6 17. Rd1 Qa5+ 18. Qd2 Qb6 19. d6 Bb7 20. Qd4 Qa5+ 21.
c3 e5 22. Qb4 Qxb4 23. cxb4 Bc6 24. Rc1 Rfc8 25. Kf2 Kf8 26. Rhd1 Bd7 27. Rc5
f6 28. Rdc1 Rcb8 29. Rc7 Ke8 30. R1c5 Rb6 31. Ke3 Rab8 32. Rd5 Kd8 33. Ra7 R8b7
34. Rxb7 Rxb7 35. f4 exf4+ 36. Kxf4 Be6 37. Rxb5 Ra7 38. Ra5 Rxa5 39. bxa5 Kd7
40. a6 1-0

[Event "Michigan Open Reserve"]
[Site "Cadillac, MI"]
[Date "1999.09.04"]
[Round "3"]
[White "Grzegorczyk, Ron"]
[Black "Hogarth, Frank"]
[Result "1-0"]
[WhiteElo "1500"]
[BlackElo "879"]
[PlyCount "83"]
[EventDate "1999.09.03"]

1. e4 d5 2. exd5 Qxd5 3. Nc3 Qd4 4. Nf3 Qb6 5. d4 e6 6. Be2 Nf6 7. O-O Bd6 8.
b3 Nd5 9. Na4 Qc6 10. c4 Nb6 11. Nc3 Nd5 12. Nxd5 exd5 13. c5 Be7 14. Ne5 Qf6
15. b4 Nc6 16. Nxc6 bxc6 17. a4 Rb8 18. Rb1 a5 19. b5 Bf5 20. Rb3 Qg6 21. Rg3
Qe6 22. Bf4 g6 23. Bxc7 Ra8 24. Qd2 h5 25. Re3 Qd7 26. Bxa5 O-O 27. Ra3 g5 28.
bxc6 Qxc6 29. Bb5 Qg6 30. Bc7 g4 31. Re1 Bg5 32. Bf4 f6 33. Bc6 Rad8 34. Bb7
Be4 35. c6 Qf5 36. Bxg5 fxg5 37. c7 Bxg2 38. Kxg2 Qf3+ 39. Rxf3 gxf3+ 40. Kg1
Rd6 41. Qxg5+ Kh7 42. Qe7+ 1-0

[Event "Michigan Open Reserve"]
[Site "Cadillac, MI"]
[Date "1999.09.04"]
[Round "2"]
[White "Griffin, John"]
[Black "Crysler, Jerry"]
[Result "1-0"]
[WhiteElo "1525"]
[BlackElo "1345"]
[PlyCount "101"]
[EventDate "1999.09.03"]

1. d4 g6 2. c4 Bg7 3. Nf3 c5 4. d5 d6 5. Nc3 Bxc3+ 6. bxc3 f5 7. Qa4+ Qd7 8.
Qxd7+ Nxd7 9. Bf4 Ngf6 10. Nd2 Nb6 11. h3 Bd7 12. f3 Nh5 13. Bh2 f4 14. Kf2
O-O-O 15. e3 g5 16. Ne4 h6 17. exf4 gxf4 18. g4 fxg3+ 19. Bxg3 Nxg3 20. Nxg3 e5
21. Ke3 Rhf8 22. Be2 Rf4 23. Ne4 Bf5 24. Rag1 Na4 25. Rg7 Bxe4 26. fxe4 Nxc3
27. Bg4+ Kb8 28. Bf5 Nxa2 29. Rb1 Nb4 30. Rbg1 Nc2+ 31. Kd3 Nd4 32. Bg4 Nf3 33.
Rb1 b6 34. Ra1 Ng5 35. Raxa7 Rf7 36. Raxf7 Nxf7 37. Rxf7 Rg8 38. Rh7 Rg6 39.
Kc3 Rf6 40. Bf5 Ka8 41. Kb3 h5 42. Rxh5 Rf8 43. Rg5 Ka7 44. Rg6 Rd8 45. h4 Ka6
46. h5 b5 47. h6 Ka5 48. h7 bxc4+ 49. Kxc4 Ka4 50. Rg7 Ka3 51. Rg8 1-0